Hitchcock Films by IMDb Description - Statistics

General Stats
  • This quiz has been taken 99 times
  • The average score is 10 of 15
Answer Stats
Year Rating Description Film % Correct
1960 8.5 A Phoenix secretary embezzles $40,000 from her employer's client, goes on the run and checks into a remote motel run by a young man under the domination of his mother. Psycho
96%
1954 8.5 A photographer in a wheelchair spies on his neighbors from his Greenwich Village courtyard apartment window, and becomes convinced one of them has committed murder, despite the skepticism of his fashion-model girlfriend. Rear Window
95%
1959 8.3 A New York City advertising executive goes on the run after being mistaken for a government agent by a group of foreign spies, and falls for a woman whose loyalties he begins to doubt. North by Northwest
86%
1958 8.3 A former San Francisco police detective juggles wrestling with his personal demons and becoming obsessed with the hauntingly beautiful woman he has been hired to trail, who may be deeply disturbed. Vertigo
86%
1963 7.6 A wealthy San Francisco socialite pursues a potential boyfriend to a small Northern California town that slowly takes a turn for the bizarre when birds of all kinds suddenly begin to attack people. The Birds
81%
1948 7.9 Two men attempt to prove they committed the perfect crime by hosting a dinner party after strangling their former classmate to death. Rope
75%
1940 8.1 A self-conscious woman juggles adjusting to her new role as an aristocrat's wife and avoiding being intimidated by his first wife's spectral presence. Rebecca
73%
1951 7.9 A psychopathic man tries to forcibly persuade a tennis star to agree to his theory that two strangers can get away with murder by submitting to his plan to kill the other's most-hated person. Strangers on a Train
72%
1954 8.2 A former tennis star arranges the murder of his adulterous wife. Dial M for Murder
56%
1944 7.6 Several survivors of a torpedoed merchant ship in World War II find themselves in the same lifeboat with one of the crew members of the U-boat that sank their ship. Lifeboat
49%
1946 7.9 The daughter of a convicted Nazi spy is asked by American agents to gather information on a ring of Nazi scientists in South America. How far will she have to go to ingratiate herself with them? Notorious
48%
1938 7.7 While travelling in continental Europe, a rich young playgirl realizes that an elderly lady seems to have disappeared from the train. The Lady Vanishes
44%
1943 7.8 A teenage girl, overjoyed when her favorite uncle comes to visit the family in their quiet California town, slowly begins to suspect that he is in fact the "Merry Widow" killer sought by the authorities. Shadow of a Doubt
38%
1935 7.6 A man in London tries to help a counter-espionage agent, but when the agent is killed and the man stands accused, he must go on the run to save himself and stop a spy ring that is trying to steal top-secret information. The 39 Steps
35%
1945 7.5 A psychiatrist protects the identity of an amnesia patient accused of murder while attempting to recover his memory. Spellbound
30%
No matching quizzes found
Score Distribution
Percent of People with Each Score
Percentile by Number Answered
Your Score History
You have not taken this quiz